Countries That Border Euro Countries - Statistics

General Stats
  • This quiz has been taken 26 times
    6 since last reset
  • The average score is 19 of 22
Answer Stats
Country % Correct
Albania
100%
Belarus
100%
Bulgaria
100%
Hungary
100%
Norway
100%
Poland
100%
Russia
100%
Sweden
100%
Turkey
100%
United Kingdom
100%
Bosnia and Herzegovina
80%
Brazil
80%
Czechia
80%
Denmark
80%
Morocco
80%
North Macedonia
80%
Serbia
80%
Suriname
80%
Switzerland
80%
Ukraine
80%
Liechtenstein
60%
Montenegro
60%
No matching quizzes found
Score Distribution
Percent of People with Each Score
Percentile by Number Answered
Your Score History
You have not taken this quiz since the last reset